| 000 | 01021nam a2200301 i 4500 | ||
|---|---|---|---|
| 005 | 20260622122336.0 | ||
| 008 | 260517t20252025my a gr a001 0deng d | ||
| 020 |
_a9789835221316 _cRM50.00 _qpaperback |
||
| 040 |
_aPPAK _beng _cPPAK _erda |
||
| 082 | 0 | 4 |
_223 _a658.872 |
| 090 | 0 | 0 |
_a658.872 _bROH _dG |
| 100 | 0 |
_aRohayah Kahar, _eauthor. |
|
| 245 | 1 | 0 |
_aSocial Media : _bCommunication in Business Interactions / _cROHAYAH KAHAR, HADINA HABIL |
| 250 | _aEdisi Pertama 2025 | ||
| 264 | 1 |
_aJohor Bahru, Johor : _bPENERBIT UTM PRESS, _c2025 |
|
| 264 | 4 | _c©2025 | |
| 300 |
_axii, 116 pages : _billustrations ; _c24 cm |
||
| 336 |
_atext _2rdacontent |
||
| 337 |
_aunmediated _2rdamedia |
||
| 338 |
_avolume _2rdacarrier |
||
| 500 | _aIncludes index. | ||
| 504 | _aBibliography: pages [103]-113. | ||
| 650 | 1 | 0 | _aOnline social networks in business |
| 650 | 2 | 0 | _aInternet marketing |
| 650 | 2 | 0 |
_aGovernment publications _zMalaysia |
| 700 | 0 |
_aHadina Habil, _eauthor. |
|
| 942 |
_2ddc _cB |
||
| 999 |
_c204333 _d204333 |
||